000 00314nam a2200133 i 4500
001 bg
100 1 _aJakubowicz, Andrzej
_d(1937- ).
245 0 _aRachunek kosztów /
_cA. Jakubowicz.
260 _aWarszawa,
_c1979.
040 _cBPK
041 _apol
942 _cKS
008 s pl f |000 0 pol
999 _c18657
_d18657
856 _uhttp://koha.tu.koszalin.pl/cgi-bin/koha/opac-detail.pl?biblionumber=18657
_yKatalog online BPK